000 00500nam a22001697a 4500
005 20251108175001.0
008 250721s2009 xx 000 0 eng d
082 1 4 _aR/333.91/ESC
245 1 0 _aSustainable Water Supply And Sanitation For All /
264 1 _aNew york :
_bUnited nations,
_c2009.
300 _a51P.
490 0 _aUNITED NATIONS ECONOMICS AND SOCIAL COMMISSION FOR WESTERN ASIA
650 1 7 _aWater resources development
650 1 7 _aESCWA
942 _2ddc
_cBK
999 _c123184
_d123184